Top 10 Oldest Countries - Statistics

General Stats
  • This quiz has been taken 60 times
  • The average score is 6 of 10
Answer Stats
Date of earliest known organized government Country % Correct
2070 BCE China
96%
2000 BCE India
86%
3100 BCE Egypt
84%
3200 BCE Iran
81%
1300 BCE Israel
70%
1070 BCE Sudan
46%
2492 BCE Armenia
37%
1300 BCE Georgia
35%
2879 BCE Vietnam
35%
2333 BCE North Korea
16%
No matching quizzes found
Score Distribution
Percent of People with Each Score
Percentile by Number Answered
Your Score History
You have not taken this quiz